000 00587nam a2200217Ia 4500
003 OSt
005 20221007064513.0
006 a|||||r|||| 00| 0
007 ta
008 221006b |||||||| |||| 00| 0 eng d
024 _a1,934
037 _cTextual
040 _aFLL
_cFLL
_beng
041 _2eng
_aeng
082 _aY1:434:Zy7, L0;1
100 _aMurphy W. Au.
245 0 _aLaw and poverty
_b Cases and materials
260 _aDelhi
_bFaculty of law India
_c1970
942 _hY1:434:Zy7, L0;1
_cTEXL
_2CC
999 _c1134284
_d1134284